000
00335nam a2200145Ia 4500
100
_a
Lorrain/Paul/ Corson/Dale R
250
_a
2
942
_c
BK
654
_a
Electromagnetic
245
_a
Electromagnetic fields and waves
260
_b
CBS Publishers
_a
Delhi
_c
1986
082
_a
530.141
_b
LOR
300
_a
706
546
_a
ENGLISH
999
_c
24753
_d
24753